[Event "Festival Magistrale"]
[Site "Ragusa ITA"]
[Date "1989.12.??"]
[Round "?"]
[White "Basagic, Vesna"]
[Black "Occhipinti, Massimo"]
[WhiteElo "2260"]
[BlackElo "1905"]
[Result "1-0"]
[PlyCount "73"]
[EventDate "1989.12.23"]

1. d4 Nf6 2. c4 g6 3. Nc3 Bg7 4. e4 d6 5. Bd3 e5 6. d5 h6 7. Nge2 c6 8. O-O O-O
9. Kh1 Nh5 10. Be3 g5 11. c5 Nf4 12. Bc4 b5 13. cxb6 axb6 14. dxc6 Nxc6 15. Nd5
Ba6 16. Nxb6 Nd4 17. Nxd4 Qxb6 18. Nf5 Qb4 19. Bxa6 Rxa6 20. Bxf4 exf4 21. Qe2
Rfa8 22. Nxg7 Kxg7 23. a3 Qb3 24. Rad1 Rb6 25. Rd2 Re8 26. Rfd1 f5 27. Rxd6
Rxd6 28. Rxd6 Rxe4 29. Rd7+ Kf8 30. Qd2 Qe6 31. h3 Ke8 32. Rd8+ Ke7 33. Rh8 Kf7
34. Rd8 Ke7 35. Rb8 Qd7 36. Qc3 f3 37. Qg7+ 1-0

[Event "Festival Magistrale"]
[Site "Ragusa ITA"]
[Date "1989.12.??"]
[Round "?"]
[White "Basagic, Vesna"]
[Black "Sericano, Claudio"]
[WhiteElo "2260"]
[BlackElo "2185"]
[Result "1-0"]
[PlyCount "101"]
[EventDate "1989.12.23"]

1. d4 d6 2. c4 e5 3. Nf3 Nc6 4. Nc3 exd4 5. Nxd4 Nxd4 6. Qxd4 Be6 7. e4 Qf6 8.
Be3 Qxd4 9. Bxd4 Ne7 10. Nb5 Kd7 11. O-O-O a6 12. Nc3 Nc6 13. Be3 Re8 14. Be2
Kc8 15. Rhe1 g6 16. Nd5 Bg7 17. g4 f5 18. exf5 gxf5 19. Nf4 Bd7 20. Nh5 Be5 21.
h3 Rhf8 22. Bh6 Rf7 23. f4 Bd4 24. Bf3 Rxe1 25. Rxe1 Nb4 26. Kd2 Bc6 27. Bxc6
Nxc6 28. b3 Kd7 29. Re2 Bh8 30. Ng3 Nd4 31. Re3 b5 32. Bg5 fxg4 33. hxg4 Ne6
34. Bh6 Rf6 35. Nf5 Rg6 36. g5 Nxf4 37. Re7+ Kd8 38. Rxh7 Be5 39. cxb5 axb5 40.
Ne7 Re6 41. Nc6+ Kc8 42. Na7+ Kb7 43. Nxb5 d5 44. Rf7 Kb6 45. Nc3 d4 46. Ne4 d3
47. Bg7 Nh3 48. Kxd3 Bd6 49. Bd4+ c5 50. Be3 Be7 51. Rxe7 1-0

[Event "Festival Magistrale"]
[Site "Ragusa ITA"]
[Date "1989.12.??"]
[Round "?"]
[White "Basagic, Vesna"]
[Black "Vaccani, Alberto"]
[WhiteElo "2260"]
[BlackElo "2100"]
[Result "1/2-1/2"]
[PlyCount "94"]
[EventDate "1989.12.23"]

1. d4 d5 2. Nf3 Nf6 3. e3 Bf5 4. c4 c6 5. cxd5 cxd5 6. Qb3 Qc7 7. Nc3 e6 8. Bd2
Nc6 9. Rc1 Be7 10. Nh4 Be4 11. Nxe4 Nxe4 12. Nf3 O-O 13. Bd3 Nxd2 14. Nxd2 a6
15. O-O Rac8 16. Bb1 Qd7 17. a3 Rc7 18. Qd3 g6 19. b4 Rfc8 20. Nb3 Nb8 21. Rxc7
Rxc7 22. Nc5 Qc8 23. g3 b6 24. Na4 Qb7 25. Ba2 Nd7 26. h4 Nf6 27. f3 Bd6 28.
Kg2 Rc8 29. g4 Qc6 30. Bb3 a5 31. b5 Qc7 32. Bd1 Qd8 33. h5 Nd7 34. hxg6 hxg6
35. f4 Rc1 36. Bc2 Rxf1 37. Kxf1 Qc7 38. f5 exf5 39. gxf5 Nf8 40. Qb3 gxf5 41.
Bxf5 Qc1+ 42. Ke2 Bg3 43. Qb1 Qc4+ 44. Kf3 Qxa4 45. Qg1 Qxb5 46. Qxg3+ Kh8 47.
Qe5+ Kg8 1/2-1/2

[Event "Festival Magistrale"]
[Site "Ragusa ITA"]
[Date "1989.12.??"]
[Round "?"]
[White "Basagic, Zlatko"]
[Black "Cappadona, Salvatore"]
[WhiteElo "2375"]
[BlackElo "2055"]
[Result "1-0"]
[PlyCount "69"]
[EventDate "1989.12.23"]

1. d4 Nf6 2. c4 c5 3. d5 b5 4. cxb5 a6 5. f3 g6 6. e4 d6 7. Nc3 Bg7 8. Bg5 h6
9. Bd2 Nbd7 10. Qc1 Nb6 11. a4 axb5 12. Bxb5+ Bd7 13. a5 Nc8 14. Bxd7+ Nxd7 15.
Nd1 Ne5 16. Kf1 Qd7 17. Ne2 Qb5 18. Bc3 O-O 19. Ne3 h5 20. Bxe5 Bxe5 21. Nc4
Bg7 22. Kf2 Ra6 23. Qc2 e6 24. Rhd1 e5 25. Qa4 Na7 26. Qxb5 Nxb5 27. Rd3 Rfa8
28. Rb3 Nc7 29. Rb7 Ne8 30. Nc3 Bf8 31. Ra3 R6a7 32. Rxa7 Rxa7 33. Rb3 Be7 34.
Rb8 Kf8 35. Nb5 1-0

[Event "Festival Magistrale"]
[Site "Ragusa ITA"]
[Date "1989.12.??"]
[Round "?"]
[White "Basagic, Zlatko"]
[Black "Micalizzi, Giovanni"]
[WhiteElo "2375"]
[BlackElo "2270"]
[Result "1-0"]
[PlyCount "71"]
[EventDate "1989.12.23"]

1. e4 c5 2. Nf3 Nc6 3. Bb5 g6 4. O-O Bg7 5. Re1 e5 6. Bxc6 dxc6 7. d3 Ne7 8.
Nbd2 O-O 9. a4 a5 10. Nc4 Qc7 11. Be3 b6 12. b4 axb4 13. a5 bxa5 14. Bxc5 Be6
15. Bd6 Qd7 16. Nfxe5 Bxe5 17. Bxe5 Bxc4 18. dxc4 Qxd1 19. Rexd1 Rfd8 20. Rxd8+
Rxd8 21. Kf1 Ra8 22. Bd6 Nc8 23. Bxb4 Nb6 24. Rxa5 Rxa5 25. Bxa5 Nxc4 26. Bb4
Kg7 27. Ke2 Kf6 28. Kd3 Ne5+ 29. Kd4 Nd7 30. f4 Ke6 31. g4 f5 32. gxf5+ gxf5
33. e5 Kf7 34. Bd6 Ke6 35. c4 Kf7 36. Kc3 1-0

[Event "Festival Magistrale"]
[Site "Ragusa ITA"]
[Date "1989.12.??"]
[Round "?"]
[White "Basagic, Zlatko"]
[Black "Vaccani, Alberto"]
[WhiteElo "2375"]
[BlackElo "2100"]
[Result "1/2-1/2"]
[PlyCount "130"]
[EventDate "1989.12.23"]

1. d4 d5 2. c4 c6 3. Nc3 Nf6 4. Nf3 dxc4 5. a4 Bf5 6. e3 e6 7. Bxc4 Bb4 8. O-O
Nbd7 9. Qb3 a5 10. Bd2 O-O 11. Ne2 Qe7 12. Ng3 Bg6 13. Bxb4 Qxb4 14. Qxb4 axb4
15. Rfc1 Nb6 16. a5 Nbd7 17. Bf1 Ra7 18. Nd2 Rfa8 19. Nb3 e5 20. dxe5 Nxe5 21.
f3 Nd3 22. Bxd3 Bxd3 23. e4 g6 24. Kf2 Nd7 25. Ne2 b6 26. Ned4 c5 27. Nc6 Rb7
28. Ne7+ Kf8 29. Nd5 c4 30. a6 Rba7 31. Nxb4 cxb3 32. Nxd3 Rxa6 33. Rxa6 Rxa6
34. Rc3 Nc5 35. Nxc5 bxc5 36. Rxb3 Ke7 37. Ke3 Ra1 38. Kf4 Rg1 39. g4 Rg2 40.
Ke5 f6+ 41. Kd5 Rd2+ 42. Kxc5 Rxh2 43. Rb7+ Ke6 44. f4 Rg2 45. f5+ Ke5 46. Re7+
Kf4 47. e5 Kg5 48. Rxh7 fxe5 49. Rg7 Rxg4 50. fxg6 Kf6 51. Ra7 Rxg6 52. b4 Rg1
53. b5 Rc1+ 54. Kd5 Rd1+ 55. Kc6 Ke6 56. b6 Rc1+ 57. Kb7 Kd5 58. Ra5+ Kd4 59.
Ka6 Rb1 60. b7 Rxb7 61. Kxb7 e4 62. Kc6 e3 63. Ra1 e2 64. Re1 Kd3 65. Rxe2 Kxe2
1/2-1/2

[Event "Festival Magistrale"]
[Site "Ragusa ITA"]
[Date "1989.12.??"]
[Round "?"]
[White "Bonaccorsi, Fabrizio"]
[Black "Basagic, Vesna"]
[WhiteElo "1955"]
[BlackElo "2260"]
[Result "0-1"]
[PlyCount "80"]
[EventDate "1989.12.23"]

1. c4 Nf6 2. b3 e6 3. Bb2 d5 4. g3 c5 5. e3 Nc6 6. a3 a5 7. Bg2 d4 8. exd4 cxd4
9. Nf3 e5 10. d3 Be7 11. O-O O-O 12. h3 Nd7 13. Re1 f5 14. Nbd2 Bf6 15. Rb1 Nc5
16. Qe2 Re8 17. b4 axb4 18. axb4 Nxb4 19. Bxd4 Nbxd3 20. Bxc5 Nxc5 21. Rb5 Ra5
22. Nd4 e4 23. Rxa5 Qxa5 24. N2b3 Qb4 25. Qe3 Nxb3 26. Nxb3 Qxc4 27. Bf1 Qb4
28. Rd1 Rd8 29. Rxd8+ Bxd8 30. Qd4 Qxd4 31. Nxd4 Bf6 32. Bc4+ Kf8 33. Ne6+ Ke7
34. Nf4 Kd6 35. Bg8 h6 36. Kf1 b5 37. Ke2 Bd4 38. f3 g5 39. Nd5 exf3+ 40. Kxf3
Bb7 0-1

[Event "Festival Magistrale"]
[Site "Ragusa ITA"]
[Date "1989.12.??"]
[Round "?"]
[White "Bonaccorsi, Fabrizio"]
[Black "Basagic, Zlatko"]
[WhiteElo "1955"]
[BlackElo "2375"]
[Result "1-0"]
[PlyCount "53"]
[EventDate "1989.12.23"]

1. c4 e5 2. b3 Nf6 3. Bb2 Bc5 4. e3 Nc6 5. a3 d5 6. cxd5 Nxd5 7. Qc2 Bd6 8. Nf3
O-O 9. Be2 a5 10. d3 Qe7 11. O-O Nb6 12. Nc3 Bf5 13. Nd2 Rfd8 14. Nce4 Qf8 15.
Nf3 h6 16. d4 Bxe4 17. Qxe4 f5 18. Qc2 e4 19. Nd2 Nd5 20. Bc4 Nce7 21. f3 Kh8
22. Rae1 exf3 23. Rxf3 Qg8 24. e4 fxe4 25. Nxe4 Ng6 26. Ng5 Ngf4 27. Bxd5 1-0

[Event "Festival Magistrale"]
[Site "Ragusa ITA"]
[Date "1989.12.??"]
[Round "?"]
[White "Bonaccorsi, Fabrizio"]
[Black "Occhipinti, Massimo"]
[WhiteElo "1955"]
[BlackElo "1905"]
[Result "1-0"]
[PlyCount "101"]
[EventDate "1989.12.23"]

1. c4 Nf6 2. b3 g6 3. Bb2 Bg7 4. g3 O-O 5. Bg2 d6 6. Nf3 e5 7. d3 Nbd7 8. O-O
Qe7 9. Nfd2 c6 10. Nc3 h6 11. b4 Nb6 12. a4 a5 13. Qb3 Qc7 14. b5 d5 15. cxd5
cxd5 16. Rfc1 Qd8 17. Qd1 Be6 18. Nb3 Nfd7 19. Nb1 Nc8 20. N1d2 f5 21. e3 Ne7
22. Rc2 b6 23. Rac1 Qe8 24. f4 g5 25. fxe5 Nxe5 26. Bxe5 Bxe5 27. Nf3 Bd6 28.
Nbd4 Bd7 29. Nc6 Ng6 30. Re2 Bc5 31. d4 Bd6 32. Nce5 Rc8 33. Rxc8 Bxc8 34. Nxg6
Qxg6 35. Ne5 Bxe5 36. dxe5 f4 37. Bxd5+ Kh8 38. Rc2 Bg4 39. Qd4 Be6 40. Be4 Qg7
41. Qd6 Bh3 42. exf4 gxf4 43. Rc6 Bf5 44. Bxf5 Rxf5 45. Qxh6+ Qxh6 46. Rxh6+
Kg7 47. Rxb6 Rxe5 48. Ra6 f3 49. Kf2 Re2+ 50. Kxf3 Rxh2 51. Rxa5 1-0

[Event "Festival Magistrale"]
[Site "Ragusa ITA"]
[Date "1989.12.??"]
[Round "?"]
[White "Bonaccorsi, Fabrizio"]
[Black "Vaccani, Alberto"]
[WhiteElo "1955"]
[BlackElo "2100"]
[Result "0-1"]
[PlyCount "118"]
[EventDate "1989.12.23"]

1. e4 e6 2. d4 d5 3. Nc3 Nf6 4. Bg5 Be7 5. exd5 exd5 6. Nf3 Bg4 7. Be2 O-O 8.
Ne5 Bxe2 9. Qxe2 Nbd7 10. O-O c6 11. Nxd7 Qxd7 12. Qf3 h6 13. Bh4 Rae8 14. Rfe1
Bd8 15. Re2 Rxe2 16. Qxe2 Qf5 17. Bxf6 Bxf6 18. Rd1 Qd7 19. Rd3 Qd8 20. Nd1 Bg5
21. g3 Re8 22. Ne3 Qa5 23. a3 Qb5 24. c3 Bxe3 25. fxe3 Re6 26. Rd2 Qa5 27. Qd3
Qd8 28. Rf2 Qe7 29. Rf3 Re4 30. Kf2 g5 31. Ke2 Qe6 32. Kd2 h5 33. Qf1 Kg7 34.
Qf2 h4 35. gxh4 Rxh4 36. Qg2 f6 37. Rf2 Kg6 38. Rf3 Qe4 39. Kc1 Rxh2 40. Rxf6+
Kxf6 41. Qxh2 Qxe3+ 42. Kc2 Qe4+ 43. Kb3 g4 44. Qh6+ Kf5 45. Qf8+ Kg5 46. Qg7+
Kf4 47. Qxb7 g3 48. Qxa7 g2 49. Qg7 Kf3 50. Qf6+ Ke3 51. Qg5+ Kf2 52. Qd2+ Kf3
53. Qg5 Qg4 54. Qf6+ Ke2 55. Qxc6 Qf5 56. c4 g1=Q 57. Qxd5 Qxd5 58. cxd5 Qxd4
59. a4 Kd3 0-1

[Event "Festival Magistrale"]
[Site "Ragusa ITA"]
[Date "1989.12.??"]
[Round "?"]
[White "Cappadona, Salvatore"]
[Black "Bonaccorsi, Fabrizio"]
[WhiteElo "2055"]
[BlackElo "1955"]
[Result "1/2-1/2"]
[PlyCount "146"]
[EventDate "1989.12.23"]

1. e4 e5 2. f4 exf4 3. Nf3 d6 4. d4 g5 5. h4 g4 6. Ng1 Bh6 7. Nc3 c6 8. Qd3 b5
9. Nce2 Qf6 10. Bd2 a5 11. e5 Qf5 12. O-O-O Qxd3 13. cxd3 Bf5 14. Nxf4 dxe5 15.
dxe5 Ne7 16. Nge2 Ng6 17. Nxg6 hxg6 18. Ng3 Bxd2+ 19. Rxd2 Be6 20. Kb1 Nd7 21.
d4 Bd5 22. Bd3 Ke7 23. Ne4 Rh5 24. Nc3 Be6 25. Be4 b4 26. Ne2 Bd5 27. Ng3 Bxe4+
28. Nxe4 Rah8 29. g3 g5 30. Rdh2 gxh4 31. Rxh4 Rxh4 32. gxh4 f6 33. exf6+ Nxf6
34. Ng3 Ke6 35. Kc2 Kd5 36. Kd3 c5 37. dxc5 Kxc5 38. h5 Nd5 39. h6 Kd6 40. Kd4
Nf4 41. Rh4 Ne6+ 42. Ke4 Ke7 43. Kf5 Kf7 44. Ne4 Nd4+ 45. Kxg4 Kg6 46. Ng3 a4
47. Rh5 a3 48. bxa3 bxa3 49. Rd5 Rxh6 50. Rd6+ Kh7 51. Rd7+ Kg8 52. Kg5 Rb6 53.
Rxd4 Rb2 54. Rd7 Rg2 55. Rd3 Rxa2 56. Ne4 Rg2+ 57. Kf5 a2 58. Ra3 Kf7 59. Ra6
Rb2 60. Ra7+ Ke8 61. Ke6 Kd8 62. Nc3 Rb6+ 63. Kd5 Rb7 64. Rxa2 Kd7 65. Rh2 Rb6
66. Rh7+ Ke8 67. Ne4 Rg6 68. Nc5 Rb6 69. Ne6 Rd6+ 70. Ke5 Rd5+ 71. Kf4 Rf5+ 72.
Kg4 Rf7 73. Rh8+ Ke7 1/2-1/2

[Event "Festival Magistrale"]
[Site "Ragusa ITA"]
[Date "1989.12.??"]
[Round "?"]
[White "Cappadona, Salvatore"]
[Black "Micalizzi, Giovanni"]
[WhiteElo "2055"]
[BlackElo "2270"]
[Result "0-1"]
[PlyCount "40"]
[EventDate "1989.12.23"]

1. e4 c5 2. Nf3 Nc6 3. d4 cxd4 4. Nxd4 g6 5. Be3 Nf6 6. Nc3 Bg7 7. f3 O-O 8.
Qd2 d5 9. Nxc6 bxc6 10. e5 Nd7 11. f4 e6 12. Na4 Qe7 13. Qa5 f6 14. exf6 Bxf6
15. O-O-O e5 16. fxe5 Qxe5 17. Qd2 Nb6 18. Nc3 Bg4 19. Bf4 Qf5 20. Bd3 Bxc3 0-1

[Event "Festival Magistrale"]
[Site "Ragusa ITA"]
[Date "1989.12.??"]
[Round "?"]
[White "Cappadona, Salvatore"]
[Black "Mrdja, Milan"]
[WhiteElo "2055"]
[BlackElo "2440"]
[Result "0-1"]
[PlyCount "60"]
[EventDate "1989.12.23"]

1. e4 c5 2. Nf3 d6 3. d4 cxd4 4. Nxd4 Nf6 5. Nc3 a6 6. Bg5 e6 7. f4 Qb6 8. Qd2
Qxb2 9. Rb1 Qa3 10. f5 Nc6 11. fxe6 fxe6 12. Nxc6 bxc6 13. e5 dxe5 14. Bxf6
gxf6 15. Ne4 Be7 16. Be2 h5 17. c4 f5 18. Ng5 Qd6 19. Qc1 Qd4 20. Nf3 Qc5 21.
Qc3 Bf6 22. Nd2 a5 23. Qg3 Qd4 24. Qg6+ Ke7 25. Nf3 Qe3 26. h4 e4 27. Ng5 Qa3
28. Kf1 Bd4 29. Qf7+ Kd8 30. Nh3 Ra7 0-1

[Event "Festival Magistrale"]
[Site "Ragusa ITA"]
[Date "1989.12.??"]
[Round "?"]
[White "Kovacevic, Slobodan"]
[Black "Sericano, Claudio"]
[WhiteElo "2375"]
[BlackElo "2185"]
[Result "1-0"]
[PlyCount "115"]
[EventDate "1989.12.23"]

1. d4 Nf6 2. Nf3 e6 3. Bg5 c5 4. e3 Qb6 5. Qc1 Ne4 6. Bh4 h6 7. c3 d5 8. Nbd2
g5 9. Bg3 Nxg3 10. hxg3 Bg7 11. Be2 Nc6 12. Nb3 c4 13. Nbd2 e5 14. dxe5 Nxe5
15. Nxe5 Bxe5 16. Nf3 Bg7 17. Qd2 Be6 18. Qc2 Qc6 19. Rd1 O-O-O 20. Nd4 Bxd4
21. Rxd4 f5 22. Qd2 Rd7 23. a3 Kc7 24. Bf3 Kc8 25. Qd1 Qb5 26. Rd2 g4 27. Be2
h5 28. Qb1 Rdh7 29. Rh4 Rd7 30. Bd1 Rd6 31. Bc2 Qd7 32. Rd4 Rb6 33. a4 a5 34.
Rf4 Kc7 35. Kf1 Kc8 36. Kg1 Kc7 37. Kh2 Rh6 38. Rd4 Qf7 39. Qc1 Rh8 40. Rf4 Qd7
41. Bd1 Rh7 42. Qd2 Kc8 43. Qc1 Kc7 44. Bc2 Rh8 45. Qb1 Rh7 46. Rd4 Qf7 47. b3
cxb3 48. Bxb3 Rh8 49. Qd1 Rd8 50. c4 dxc4 51. Rxd8 cxb3 52. Rh8 b2 53. Qc2+ Bc4
54. Qb1 Bd3 55. Qxd3 b1=Q 56. Qd8+ Kc6 57. Rh6+ Kc5 58. Qd4# 1-0

[Event "Festival Magistrale"]
[Site "Ragusa ITA"]
[Date "1989.12.??"]
[Round "?"]
[White "Kovacevic, Slobodan"]
[Black "Tradardi, Mario"]
[WhiteElo "2375"]
[BlackElo "2020"]
[Result "1-0"]
[PlyCount "115"]
[EventDate "1989.12.23"]

1. d4 f5 2. Bg5 d5 3. e3 g6 4. Nc3 Bg7 5. h4 Be6 6. Nh3 c6 7. Nf4 Bf7 8. h5 Nd7
9. g4 Ngf6 10. hxg6 hxg6 11. Rxh8+ Bxh8 12. gxf5 gxf5 13. Qf3 Qb6 14. O-O-O
O-O-O 15. Bd3 e6 16. Rh1 Rg8 17. Nfe2 Rxg5 18. Rxh8+ Rg8 19. Rxg8+ Bxg8 20. Nf4
Bf7 21. Qg3 Qd8 22. Be2 Qg8 23. Qh2 Qh7 24. Qg1 Qg8 25. Qf1 Kc7 26. b3 Ne4 27.
Nxe4 dxe4 28. Qh1 Nf6 29. Qh2 Kd7 30. Kb2 Qh7 31. Qg3 Qg8 32. Qh4 Nd5 33. c4
Nxf4 34. Qxf4 Bg6 35. c5 Qf8 36. Bc4 Bf7 37. Qe5 Bg8 38. a4 b6 39. b4 Bf7 40.
b5 bxc5 41. dxc5 Qe7 42. Kb3 cxb5 43. axb5 Kc8 44. b6 axb6 45. Ba6+ Kd7 46.
Bb5+ Kc8 47. c6 Qc7 48. Qf6 Kb8 49. Kc2 Ka7 50. Kb1 Bg8 51. Qa1+ Kb8 52. Qh8
Qd8 53. Kc2 Kc7 54. Qe5+ Qd6 55. Qg7+ Kd8 56. Qxg8+ Ke7 57. Qg7+ Kd8 58. Qd7+
1-0

[Event "Festival Magistrale"]
[Site "Ragusa ITA"]
[Date "1989.12.??"]
[Round "?"]
[White "Micalizzi, Giovanni"]
[Black "Kovacevic, Slobodan"]
[WhiteElo "2270"]
[BlackElo "2375"]
[Result "0-1"]
[PlyCount "90"]
[EventDate "1989.12.23"]

1. e4 c5 2. Nf3 e6 3. Nc3 a6 4. d4 cxd4 5. Nxd4 Qc7 6. g3 Nc6 7. Bg2 Nf6 8. O-O
Nxd4 9. Qxd4 Bc5 10. Bf4 d6 11. Qd2 h6 12. Na4 e5 13. Nxc5 dxc5 14. Be3 Ng4 15.
f4 O-O 16. Qc3 b6 17. Bd2 Re8 18. h3 Nf6 19. fxe5 Nd7 20. b4 Bb7 21. Rf5 Rac8
22. Raf1 Re7 23. Be3 Qd8 24. Qb3 c4 25. Qc3 b5 26. Rd1 Qc7 27. Bd4 Rce8 28. e6
fxe6 29. Rf2 e5 30. Be3 Nf6 31. Bc5 Rd7 32. Re1 Red8 33. Bf3 Rd4 34. Bxd4 exd4
35. Qd2 Qxg3+ 36. Kf1 Qxh3+ 37. Bg2 Qh4 38. Qf4 Ng4 39. Qf7+ Kh8 40. Rf4 Bc8
41. Qc7 Rg8 42. Re2 Qg3 43. Rf7 Qa3 44. Rd2 Qc1+ 45. Ke2 c3 0-1

[Event "Festival Magistrale"]
[Site "Ragusa ITA"]
[Date "1989.12.??"]
[Round "?"]
[White "Micalizzi, Giovanni"]
[Black "Nicevski, Risto"]
[WhiteElo "2270"]
[BlackElo "2390"]
[Result "0-1"]
[PlyCount "74"]
[EventDate "1989.12.23"]

1. e4 c5 2. Nf3 d6 3. d4 cxd4 4. Nxd4 Nf6 5. Nc3 Nc6 6. Be3 e5 7. Nf3 Be6 8.
Ng5 Be7 9. Nxe6 fxe6 10. Bc4 Qc8 11. Bb3 O-O 12. g4 Na5 13. g5 Ne8 14. Qg4 Nxb3
15. axb3 g6 16. Rxa7 Rxa7 17. Bxa7 Ng7 18. Be3 Qc6 19. f4 b5 20. Qe2 exf4 21.
Bd2 b4 22. Qb5 Qc5 23. Qxc5 dxc5 24. Na4 e5 25. h4 Nh5 26. Kf2 h6 27. Nb6 Rd8
28. Bc1 Ng3 29. Re1 hxg5 30. Nc4 g4 31. Nxe5 Bxh4 32. Kg1 Ne2+ 33. Rxe2 Rd1+
34. Kh2 f3 35. Rd2 g3+ 36. Kh3 Rh1+ 37. Kg4 f2 0-1

[Event "Festival Magistrale"]
[Site "Ragusa ITA"]
[Date "1989.12.??"]
[Round "?"]
[White "Mrdja, Milan"]
[Black "Bonaccorsi, Fabrizio"]
[WhiteElo "2440"]
[BlackElo "1955"]
[Result "1-0"]
[PlyCount "43"]
[EventDate "1989.12.23"]

1. e4 e5 2. Bc4 Nc6 3. d3 Nf6 4. Nf3 d6 5. a3 Be7 6. O-O O-O 7. Re1 Bg4 8. h3
Bd7 9. c3 Qc8 10. d4 h6 11. Nbd2 Re8 12. Qb3 Rf8 13. Qa2 Nh5 14. Kh2 g5 15. Nf1
Nf4 16. Ng3 Bxh3 17. Bxf4 Bxg2 18. Kxg2 gxf4 19. Nf5 Bg5 20. Rh1 Ne7 21. Bxf7+
Rxf7 22. Nxg5 1-0

[Event "Festival Magistrale"]
[Site "Ragusa ITA"]
[Date "1989.12.??"]
[Round "?"]
[White "Mrdja, Milan"]
[Black "Micalizzi, Giovanni"]
[WhiteElo "2440"]
[BlackElo "2270"]
[Result "1/2-1/2"]
[PlyCount "70"]
[EventDate "1989.12.23"]

1. e4 c5 2. Nf3 Nc6 3. Bb5 g6 4. O-O Bg7 5. Bxc6 dxc6 6. d3 Nf6 7. Nbd2 O-O 8.
Re1 h6 9. Qe2 Be6 10. h3 Qb6 11. a4 a5 12. Qe3 Nd7 13. e5 Qc7 14. b3 Rfe8 15.
Bb2 b6 16. Nh2 Rad8 17. f4 f5 18. Nhf3 Nf8 19. Kh2 Kh7 20. Rg1 Bd5 21. Ne1 g5
22. g3 Ng6 23. Nef3 Bxf3 24. Nxf3 gxf4 25. gxf4 e6 26. Rg2 Rg8 27. Rag1 Bf8 28.
Bc3 Rd7 29. Be1 Rdg7 30. Bg3 Ne7 31. c4 Ng6 32. Rd1 Be7 33. Bf2 Qd8 34. d4 cxd4
35. Nxd4 c5 1/2-1/2

[Event "Festival Magistrale"]
[Site "Ragusa ITA"]
[Date "1989.12.??"]
[Round "?"]
[White "Occhipinti, Massimo"]
[Black "Cappadona, Salvatore"]
[WhiteElo "1905"]
[BlackElo "2055"]
[Result "0-1"]
[PlyCount "118"]
[EventDate "1989.12.23"]

1. Nf3 c5 2. g3 g6 3. Bg2 Bg7 4. O-O Nc6 5. c3 e5 6. d3 d5 7. Na3 Nge7 8. Bd2
O-O 9. b4 cxb4 10. cxb4 e4 11. Ne1 Be6 12. Nac2 f5 13. a4 a5 14. b5 Ne5 15. Nd4
Bf7 16. Nb3 b6 17. Bc3 Rc8 18. Bd4 Qd6 19. Nc2 Rc7 20. Ne3 Rfc8 21. f4 exf3 22.
exf3 Nd7 23. f4 Qb4 24. Bxg7 Kxg7 25. Re1 Kf8 26. Nd2 Rc3 27. Nf3 Nc5 28. Nc2
Qb3 29. Nfd4 Qb2 30. Qe2 Re8 31. Reb1 Rxc2 32. Rxb2 Rxe2 33. Rxe2 Nxd3 34. Rd2
Nc5 35. Ra3 Ng8 36. Kf2 Nf6 37. Re2 Nfe4+ 38. Ke1 Rc8 39. Bxe4 fxe4 40. Rc2 Ke7
41. Rac3 Kd6 42. Kd2 Be8 43. g4 Bd7 44. Rh3 h5 45. f5 hxg4 46. Rh6 Ke5 47. Nc6+
Bxc6 48. bxc6 Kxf5 49. Ke3 Rxc6 50. Rf2+ Ke5 51. Rf8 d4+ 52. Kf2 Rf6+ 53. Rxf6
Kxf6 54. Rh8 Nxa4 55. Rb8 Ke5 56. Re8+ Kd5 57. Rd8+ Kc4 58. Rc8+ Kd3 59. Rc6
Kd2 0-1

[Event "Festival Magistrale"]
[Site "Ragusa ITA"]
[Date "1989.12.??"]
[Round "?"]
[White "Occhipinti, Massimo"]
[Black "Tradardi, Mario"]
[WhiteElo "1905"]
[BlackElo "2020"]
[Result "0-1"]
[PlyCount "119"]
[EventDate "1989.12.23"]

1. Nf3 f5 2. g3 Nf6 3. Bg2 e6 4. O-O Be7 5. d3 O-O 6. Nbd2 d6 7. e4 fxe4 8.
dxe4 e5 9. Re1 Nc6 10. c3 Qe8 11. Nh4 Kh8 12. Nf5 Bd8 13. Nc4 Qf7 14. Nce3 Be6
15. Rf1 Bxa2 16. h4 Bb3 17. Qe2 Be6 18. h5 Ne7 19. g4 Nxf5 20. exf5 Bc8 21. f3
c6 22. c4 Bb6 23. Kh2 Bd7 24. b4 d5 25. c5 Bc7 26. Kg1 a6 27. Re1 Qe7 28. Nf1
Rfe8 29. Be3 Qf8 30. Qd2 d4 31. Bf2 Nd5 32. Ng3 a5 33. bxa5 Qxc5 34. Ne4 Qf8
35. Reb1 Reb8 36. Bf1 Bc8 37. h6 gxh6 38. Bxd4 Bxf5 39. gxf5 Qg7+ 40. Kh1 exd4
41. Bc4 Bf4 42. Qb2 Be3 43. a6 b5 44. Bxd5 cxd5 45. Qh2 dxe4 46. fxe4 d3 47. e5
Qg4 48. e6 Qe4+ 49. Qg2 Qh4+ 50. Qh2 Qe4+ 51. Qg2 Qxf5 52. Qb2+ Kg8 53. Rg1+
Bg5 54. a7 Qh3+ 55. Qh2 Qxh2+ 56. Kxh2 Rb7 57. Ra6 Raxa7 58. Rd6 Re7 59. Rxd3
Rxe6 60. Rb3 0-1

[Event "Festival Magistrale"]
[Site "Ragusa ITA"]
[Date "1989.12.??"]
[Round "?"]
[White "Sericano, Claudio"]
[Black "Basagic, Zlatko"]
[WhiteElo "2185"]
[BlackElo "2375"]
[Result "1/2-1/2"]
[PlyCount "97"]
[EventDate "1989.12.23"]

1. d4 d5 2. c4 c6 3. cxd5 cxd5 4. Nc3 Nf6 5. Nf3 Nc6 6. Bf4 e6 7. e3 Nh5 8. Bg3
Nxg3 9. hxg3 g6 10. a3 Bg7 11. Bd3 O-O 12. Qc2 e5 13. dxe5 Nxe5 14. Nxe5 Bxe5
15. O-O d4 16. exd4 Qxd4 17. Rfd1 Qc5 18. Rac1 Bg4 19. Be2 Bxe2 20. Qxe2 Rae8
21. Rd5 Bxc3 22. Qd3 Qb6 23. bxc3 Qb2 24. Rb1 Qxa3 25. Rd7 Re7 26. Rdxb7 Rxb7
27. Rxb7 Re8 28. Qd2 Qc5 29. Rd7 a5 30. Qd4 Qg5 31. Qd2 Qb5 32. Qd4 a4 33. Ra7
Qh5 34. Qh4 Qc5 35. Qd4 Re1+ 36. Kh2 Qh5+ 37. Qh4 Qd1 38. Ra8+ Kg7 39. Qd4+
Qxd4 40. cxd4 Ra1 41. d5 Kf6 42. Ra7 h5 43. d6 a3 44. g4 h4 45. g3 hxg3+ 46.
Kxg3 a2 47. Kg2 g5 48. d7 Ke7 49. Kh2 1/2-1/2

[Event "Festival Magistrale"]
[Site "Ragusa ITA"]
[Date "1989.12.??"]
[Round "?"]
[White "Sericano, Claudio"]
[Black "Nicevski, Risto"]
[WhiteElo "2185"]
[BlackElo "2390"]
[Result "1-0"]
[PlyCount "73"]
[EventDate "1989.12.23"]

1. d4 Nf6 2. Nf3 d6 3. Nc3 Nbd7 4. e4 e5 5. Bc4 Be7 6. O-O O-O 7. Qe2 c6 8. a4
Qc7 9. h3 h6 10. dxe5 dxe5 11. Nh4 Nc5 12. Ng6 Re8 13. f4 exf4 14. Bxf4 Qb6 15.
a5 Qxb2 16. Rfb1 Qxc3 17. Be5 Qxa1 18. Bxa1 Nfxe4 19. Ne5 Be6 20. Bxe6 fxe6 21.
Nd7 Rad8 22. Qg4 Ng5 23. Nxc5 Bxc5+ 24. Kh1 Rd7 25. h4 Nh7 26. Qh5 Red8 27.
Qxc5 Rd1+ 28. Rxd1 Rxd1+ 29. Kh2 Rxa1 30. Qxa7 Nf6 31. Qxb7 h5 32. Qxc6 e5 33.
a6 Kh7 34. Qb7 Ng4+ 35. Kh3 Rh1+ 36. Kg3 Re1 37. a7 1-0

[Event "Festival Magistrale"]
[Site "Ragusa ITA"]
[Date "1989.12.??"]
[Round "?"]
[White "Sericano, Claudio"]
[Black "Occhipinti, Massimo"]
[WhiteElo "2185"]
[BlackElo "1905"]
[Result "1-0"]
[PlyCount "93"]
[EventDate "1989.12.23"]

1. d4 Nf6 2. Nf3 g6 3. Nc3 Bg7 4. e4 d6 5. h3 c6 6. a4 O-O 7. Be3 e5 8. dxe5
dxe5 9. Bc5 Qxd1+ 10. Rxd1 Re8 11. Bd6 Nbd7 12. Bc4 h6 13. O-O Nh7 14. Bb3 Nhf8
15. Ne2 Ne6 16. c3 Ng5 17. Nxg5 hxg5 18. h4 Nf8 19. Bxf8 Bxf8 20. hxg5 Bg4 21.
f3 Bc5+ 22. Kh2 Be6 23. Bxe6 Rxe6 24. Rd7 Kg7 25. Ng1 b5 26. axb5 cxb5 27. Rfd1
Re7 28. g3 a5 29. Rxe7 Bxe7 30. Rd5 b4 31. Rxe5 a4 32. cxb4 Bxb4 33. Rb5 Be7
34. Kh3 Rh8+ 35. Kg4 Rh1 36. Ne2 Rh2 37. Nc3 a3 38. bxa3 Bxa3 39. Nd5 Rh8 40.
f4 Ra8 41. e5 Bc1 42. Nf6 Kf8 43. Rb7 Ba3 44. Rb1 Be7 45. Rh1 Bd8 46. Rh8+ Ke7
47. Re8# 1-0

[Event "Festival Magistrale"]
[Site "Ragusa ITA"]
[Date "1989.12.??"]
[Round "?"]
[White "Sulava, Nenad"]
[Black "Tradardi, Mario"]
[WhiteElo "2380"]
[BlackElo "2020"]
[Result "1-0"]
[PlyCount "42"]
[EventDate "1989.12.23"]

1. e4 c5 2. Nf3 e6 3. d4 cxd4 4. c3 Ne7 5. cxd4 d5 6. e5 Nbc6 7. Nbd2 a5 8. a4
Nf5 9. Nb3 Bb4+ 10. Bd2 O-O 11. Bd3 b6 12. O-O Ba6 13. Bxa6 Rxa6 14. Bxb4 Nxb4
15. Qe2 Qd7 16. Rfc1 Raa8 17. Ne1 Rfc8 18. Nc2 Rc4 19. g4 Nxc2 20. Rxc2 Nxd4
21. Nxd4 Rxd4 1-0

[Event "Festival Magistrale"]
[Site "Ragusa ITA"]
[Date "1989.12.??"]
[Round "?"]
[White "Tradardi, Mario"]
[Black "Nicevski, Risto"]
[WhiteElo "2020"]
[BlackElo "2390"]
[Result "1/2-1/2"]
[PlyCount "26"]
[EventDate "1989.12.23"]

1. e4 c5 2. Nf3 Nc6 3. d4 cxd4 4. c3 dxc3 5. Nxc3 a6 6. Bc4 b5 7. Bb3 e6 8. O-O
d6 9. Qe2 Ra7 10. Be3 Rd7 11. Nxb5 axb5 12. Qxb5 Bb7 13. Rfc1 Nge7 1/2-1/2